000
00255nam a2200097Ia 4500
001
807652
005
20250826171235.0
008
250824s9999 xx 000 0 und d
245
0
_a
EVRENİN İLAHİ DİLİ
_c
BÜLENT GARDİYANOĞLU
260
_b
DESTEK YAYINLARI
999
_c
807652
_d
807652